[Event "Melbourne Australasian IM"]
[Site "Melbourne"]
[Date "2023.12.22"]
[Round "9"]
[White "Khamatgaleev, Alexej"]
[Black "Froehlich, Peter"]
[Result "1/2-1/2"]
[WhiteElo "2354"]
[BlackElo "2264"]
[PlyCount "93"]
[EventDate "2023.12.14"]
[EventType "tourn"]
[EventRounds "9"]
[EventCountry "AUS"]
[SourceTitle "EXT 2025"]
[Source "ChessBase"]
[SourceDate "2024.10.14"]
[SourceVersion "1"]
[SourceVersionDate "2024.10.14"]
[SourceQuality "1"]

1. e4 c6 2. d4 d5 3. exd5 cxd5 4. Bd3 Nc6 5. c3 Nf6 6. Bf4 Bg4 7. Qb3 Qd7 8. Nd2 e6 9. Ngf3 Bxf3 10. Nxf3 Bd6 11. Bxd6 Qxd6 12. 0-0 0-0 13. Rae1 Qc7 14. Qc2 g6 15. Qd2 Kg7 16. Ne5 Nxe5 17. dxe5 Nd7 18. Qf4 Rac8 19. Re3 f6 20. exf6+ Rxf6 21. Qd4 Qc5 22. Qxc5 Rxc5 23. f4 Rc7 24. g3 Nc5 25. Bc2 b6 26. Rfe1 Kf7 27. R1e2 Nb7 28. Kg2 Nd6 29. Bb3 Nc4 30. Rd3 b5 31. Rd4 Na5 32. Rd1 Nc4 33. Rde1 a5 34. a4 bxa4 35. Bxa4 h6 36. h4 Nb6 37. Bb5 Rc5 38. Bd3 a4 39. Ra1 Ke7 40. Bc2 Rc4 41. Rd2 Kd6 42. Rd4 e5 43. fxe5+ Kxe5 44. Re1+ Kd6 45. Rxc4 Nxc4 46. Bxa4 Nxb2 47. Bb3 1/2-1/2

[Event "Melbourne Australasian IM"]
[Site "Melbourne"]
[Date "2023.12.19"]
[Round "6"]
[White "Kethro, Michael"]
[Black "Froehlich, Peter"]
[Result "1-0"]
[WhiteElo "2162"]
[BlackElo "2264"]
[PlyCount "117"]
[EventDate "2023.12.14"]
[EventType "tourn"]
[EventRounds "9"]
[EventCountry "AUS"]
[SourceTitle "EXT 2025"]
[Source "ChessBase"]
[SourceDate "2024.10.14"]
[SourceVersion "1"]
[SourceVersionDate "2024.10.14"]
[SourceQuality "1"]

1. d4 d5 2. c4 e6 3. Nf3 Nf6 4. g3 dxc4 5. Bg2 a6 6. 0-0 Nc6 7. Bg5 Be7 8. e3 Nd5 9. Bxe7 Qxe7 10. Qc2 Nb6 11. Nbd2 Qb4 12. Rfc1 0-0 13. Ng5 g6 14. Nxc4 h6 15. Nxb6 cxb6 16. Nf3 Rd8 17. a3 Qe7 18. Ne5 Nxe5 19. dxe5 Rb8 20. h4 Kg7 21. Rd1 Rxd1+ 22. Rxd1 Qc5 23. Qe4 Qc7 24. Qd4 b5 25. Rd3 b6 26. Rc3 Qe7 27. Qd6 Qxd6 28. exd6 Bd7 29. Rc7 Rd8 30. Rb7 Kf6 31. Rxb6 a5 32. Bf1 a4 33. Bxb5 Bxb5 34. Rxb5 Rxd6 35. Ra5 Rd2 36. Rxa4 Rxb2 37. Kg2 Ra2 38. Ra5 Ke7 39. g4 h5 40. gxh5 gxh5 41. a4 f5 42. Ra8 Kf6 43. a5 Ra4 44. a6 Kg7 45. a7 e5 46. f3 Ra2+ 47. Kf1 f4 48. e4 Kh7 49. Ke1 Kg7 50. Kd1 Kh7 51. Kc1 Ra6 52. Kb2 Kg7 53. Kb3 Ra1 54. Kb4 Rb1+ 55. Kc5 Ra1 56. Kd6 Ra5 57. Ke6 Kh7 58. Kf6 Rc5 59. Rb8 1-0

[Event "Gold Coast op"]
[Site "Gold Coast"]
[Date "2022.06.27"]
[Round "9"]
[White "Froehlich, Peter"]
[Black "Poberezovsky, Daniel"]
[Result "1/2-1/2"]
[WhiteElo "2313"]
[BlackElo "1761"]
[PlyCount "101"]
[EventDate "2022.06.23"]
[EventType "swiss"]
[EventRounds "9"]
[EventCountry "AUS"]
[SourceTitle "CBM 209 Extra"]
[Source "ChessBase"]
[SourceDate "2022.09.30"]
[SourceVersion "1"]
[SourceVersionDate "2022.09.30"]
[SourceQuality "1"]

1. d4 Nf6 2. Nf3 d5 3. c4 e6 4. g3 dxc4 5. Qa4+ Bd7 6. Qxc4 Bc6 7. Bg2 Nbd7 8. Nc3 Be7 9. 0-0 0-0 10. Qd3 Nd5 11. Nxd5 Bxd5 12. e4 Bc6 13. Rd1 b6 14. Bf4 Bd6 15. Rac1 Bb7 16. e5 Be7 17. Ng5 Bxg5 18. Bxg5 Qxg5 19. Bxb7 Rad8 20. f4 Qh6 21. Rxc7 Nc5 22. Qf3 Nxb7 23. Rxb7 Rc8 24. Rd2 Qh3 25. Qf1 Qf5 26. Kg2 h5 27. Rxa7 Rc2 28. Rxc2 Qxc2+ 29. Qf2 Qe4+ 30. Qf3 Qxd4 31. b3 g6 32. Kh3 Kg7 33. Ra4 Qb2 34. Qg2 Qb1 35. Qe2 Rc8 36. Rc4 Rxc4 37. bxc4 Qf5+ 38. Kg2 Qb1 39. h4 Kh7 40. Kh2 Kg7 41. Kg2 Kh7 42. Kf3 Kg7 43. Ke3 Qg1+ 44. Qf2 Qd1 45. Ke4 Qb1+ 46. Kd4 Qb4 47. Qc2 Qe1 48. Qg2 Qb4 49. Qc2 Qe1 50. Qg2 Qb4 51. Qc2 1/2-1/2

[Event "Gold Coast op"]
[Site "Gold Coast"]
[Date "2022.06.26"]
[Round "6"]
[White "Rodgers, Jack"]
[Black "Froehlich, Peter"]
[Result "1/2-1/2"]
[WhiteElo "2075"]
[BlackElo "2313"]
[PlyCount "28"]
[EventDate "2022.06.23"]
[EventType "swiss"]
[EventRounds "9"]
[EventCountry "AUS"]
[SourceTitle "CBM 209 Extra"]
[Source "ChessBase"]
[SourceDate "2022.09.30"]
[SourceVersion "1"]
[SourceVersionDate "2022.09.30"]
[SourceQuality "1"]

1. d4 Nf6 2. Bg5 e6 3. e4 h6 4. Bxf6 Qxf6 5. Nf3 d6 6. Nc3 Nd7 7. Qd2 c6 8. 0-0-0 e5 9. Kb1 Be7 10. Qe3 Bd8 11. g3 Bb6 12. Bh3 Qe7 13. Na4 Bc7 14. d5 cxd5 1/2-1/2

[Event "Queensland-ch"]
[Site "Brisbane"]
[Date "2012.09.28"]
[Round "2"]
[White "Harris, John"]
[Black "Froehlich, Peter"]
[Result "0-1"]
[WhiteElo "1821"]
[BlackElo "2351"]
[PlyCount "78"]
[EventDate "2012.09.27"]
[EventType "swiss"]
[EventRounds "9"]
[EventCountry "AUS"]
[SourceTitle "EXT 2013"]
[Source "ChessBase"]
[SourceDate "2012.11.22"]
[SourceVersion "1"]
[SourceVersionDate "2012.11.22"]
[SourceQuality "1"]

1. Nf3 c5 2. g3 Nc6 3. c4 e5 4. Nc3 g6 5. Bg2 Bg7 6. 0-0 Nge7 7. d3 0-0 8. a3 d6 9. Rb1 a5 10. e3 h6 11. Ne1 Be6 12. Nc2 d5 13. Qe2 a4 14. e4 dxe4 15. dxe4 Kh7 16. Nd5 f5 17. Be3 Bxd5 18. cxd5 Nd4 19. Bxd4 exd4 20. Qb5 Qd6 21. f3 b6 22. b4 axb3 23. Rxb3 fxe4 24. fxe4 Rxf1+ 25. Bxf1 Qe5 26. Bg2 Rf8 27. Rf3 Rxf3 28. Bxf3 Nc8 29. Ne1 Nd6 30. Qxb6 c4 31. a4 d3 32. Kg2 Qc3 33. Nxd3 Qxd3 34. a5 c3 35. Qf2 c2 36. Qe1 Bc3 37. Qc1 Bb2 38. Qxb2 Qd2+ 39. Kh3 c1Q 0-1

[Event "Gold Coast op"]
[Site "Gold Coast"]
[Date "2006.06.24"]
[Round "4"]
[White "Froehlich, Peter"]
[Black "Rogers, Ian"]
[Result "0-1"]
[WhiteElo "2373"]
[BlackElo "2564"]
[PlyCount "66"]
[EventDate "2006.06.24"]
[EventType "swiss"]
[EventRounds "7"]
[EventCountry "AUS"]
[SourceTitle "EXT 2010"]
[Source "ChessBase"]
[SourceDate "2010.11.25"]
[SourceVersion "1"]
[SourceVersionDate "2010.11.25"]
[SourceQuality "1"]

1. Nf3 d5 2. d4 Nf6 3. c4 c6 4. Nc3 dxc4 5. a4 Bg4 6. Ne5 Bh5 7. f3 Nfd7 8. Nxc4 e5 9. g3 Bb4 10. dxe5 0-0 11. Bh3 Qe7 12. f4 Rd8 13. Qc2 Na6 14. 0-0 Qc5+ 15. Ne3 Nb6 16. g4 Nc4 17. Rf3 Bg6 18. f5 Nxe5 19. Rf4 Re8 20. Kh1 Rad8 21. fxg6 hxg6 22. Nf1 Qe7 23. Be3 Bd6 24. Re4 Qh4 25. Kg2 Nc5 26. Bf2 Qf6 27. Bxc5 Bxc5 28. Kh1 Qf2 29. Ng3 Nf3 30. Rxe8+ Rxe8 31. Bg2 Ne1 32. Rxe1 Qxe1+ 33. Nf1 Qf2 0-1

[Event "Queenstown op"]
[Site "Queenstown"]
[Date "2006.01.24"]
[Round "10"]
[White "Froehlich, Peter"]
[Black "Smerdon, David"]
[Result "0-1"]
[WhiteElo "2360"]
[BlackElo "2421"]
[PlyCount "84"]
[EventDate "2006.01.15"]
[EventType "swiss"]
[EventRounds "10"]
[EventCountry "NZL"]
[SourceTitle "CBM 110 Extra"]
[Source "ChessBase"]
[SourceDate "2006.03.10"]
[SourceVersion "2"]
[SourceVersionDate "2006.03.10"]
[SourceQuality "1"]

1. d4 Nf6 2. Nf3 g6 3. Nc3 d5 4. Bf4 Bg7 5. e3 0-0 6. Be2 c5 7. dxc5 Nbd7 8. 0-0 Nxc5 9. Be5 b6 10. Nb5 Bb7 11. c4 a6 12. Nc3 Ncd7 13. Bg3 dxc4 14. Bxc4 b5 15. Be2 b4 16. Na4 Ne4 17. Qb3 Bc6 18. Qxb4 Nxg3 19. hxg3 Qb8 20. Qa5 Bxa4 21. Qxa4 Qxb2 22. Qxd7 Qxe2 23. Nd4 Rad8 24. Qxd8 Qxf1+ 25. Kxf1 Rxd8 26. Re1 Bxd4 27. exd4 Kf8 28. Rd1 e5 29. d5 Ke7 30. Rd3 a5 31. g4 Kd6 32. g5 Rb8 33. Ke2 Rb2+ 34. Rd2 Rxd2+ 35. Kxd2 Kxd5 36. Ke3 f5 37. gxf6 Ke6 38. f4 Kxf6 39. a4 Kf5 40. fxe5 Kxe5 41. Kf3 Kd4 42. Kf4 Kc4 0-1

[Event "Queenstown op"]
[Site "Queenstown"]
[Date "2006.01.16"]
[Round "2"]
[White "Jones, Brian"]
[Black "Froehlich, Peter"]
[Result "0-1"]
[WhiteElo "2154"]
[BlackElo "2360"]
[PlyCount "108"]
[EventDate "2006.01.15"]
[EventType "swiss"]
[EventRounds "10"]
[EventCountry "NZL"]
[SourceTitle "CBM 110 Extra"]
[Source "ChessBase"]
[SourceDate "2006.03.10"]
[SourceVersion "2"]
[SourceVersionDate "2006.03.10"]
[SourceQuality "1"]

1. d4 Nf6 2. Nf3 e6 3. g3 d5 4. Bg2 Nbd7 5. 0-0 Be7 6. c4 c6 7. Qc2 0-0 8. Nbd2 b6 9. b3 Bb7 10. Bb2 Rc8 11. Rac1 c5 12. Qb1 dxc4 13. Nxc4 b5 14. Ne3 Qb6 15. Rfd1 Be4 16. Qa1 cxd4 17. Bxd4 Qb7 18. Qb2 Rfd8 19. h4 h6 20. Rxc8 Rxc8 21. Rc1 Rxc1+ 22. Qxc1 Nd5 23. Ne1 Bxg2 24. N1xg2 Nb4 25. Qb2 Bf8 26. a3 Nc6 27. Bc3 Qa6 28. Nc2 Nc5 29. Nb4 Qb7 30. Nxc6 Qxc6 31. Bd4 a5 32. Ne1 Qd5 33. Bxc5 Bxc5 34. Nd3 Bd6 35. b4 axb4 36. axb4 e5 37. Qc3 Qc4 38. Qa3 e4 39. Qa8+ Kh7 40. Nc5 e3 41. Qe4+ Qxe4 42. Nxe4 Bxb4 43. fxe3 f5 44. Nf2 Be1 45. Kg2 Bxf2 46. Kxf2 b4 47. Ke1 Kg6 48. Kd2 Kh5 49. Kd3 Kg4 50. e4 fxe4+ 51. Kxe4 g5 52. hxg5 hxg5 53. Kd4 Kxg3 54. e4 b3 0-1

[Event "Elwood-ch"]
[Site "Elwood"]
[Date "2005.11.01"]
[Round "6"]
[White "Froehlich, Peter"]
[Black "Bjelobrk, Igor"]
[Result "1/2-1/2"]
[WhiteElo "2360"]
[BlackElo "2399"]
[PlyCount "69"]
[EventDate "2005.10.29"]
[EventType "swiss"]
[EventRounds "7"]
[EventCountry "AUS"]
[SourceTitle "EXT 2006"]
[Source "ChessBase"]
[SourceDate "2005.11.24"]
[SourceVersion "1"]
[SourceVersionDate "2005.11.24"]
[SourceQuality "1"]

1. Nf3 d5 2. d4 c6 3. c4 Nf6 4. e3 Bf5 5. cxd5 cxd5 6. Qb3 Qc7 7. Bd2 Nc6 8. Bb5 e6 9. Bb4 Bd6 10. 0-0 0-0 11. Bxc6 bxc6 12. Nbd2 Rfc8 13. Rfc1 Nd7 14. Qa3 Bxb4 15. Qxb4 Qb6 16. Qa3 Bg4 17. Rc3 Bxf3 18. Nxf3 Rab8 19. Rb3 Qc7 20. Rxb8 Rxb8 21. Rc1 Rc8 22. h3 f6 23. Ne1 e5 24. Nd3 exd4 25. exd4 Qb6 26. Qe7 Nf8 27. Nf4 Qxb2 28. Re1 Qb8 29. Ne6 Nxe6 30. Qxe6+ Kh8 31. Qd7 h6 32. Re7 Rg8 33. Qxa7 Qb1+ 34. Kh2 Qc2 35. f3 1/2-1/2

[Event "Box Hill CC-ch"]
[Site "Box Hill"]
[Date "2005.06.13"]
[Round "7.1"]
[White "Froehlich, Peter"]
[Black "Johansen, Darryl Keith"]
[Result "1/2-1/2"]
[WhiteElo "2374"]
[BlackElo "2464"]
[PlyCount "57"]
[EventDate "2005.06.11"]
[EventType "swiss"]
[EventRounds "7"]
[EventCountry "AUS"]
[SourceTitle "EXT 2018"]
[Source "ChessBase"]
[SourceDate "2017.10.13"]
[SourceVersion "1"]
[SourceVersionDate "2017.10.13"]
[SourceQuality "1"]

1. Nf3 c5 2. c4 Nf6 3. Nc3 e6 4. g3 b6 5. Bg2 Bb7 6. 0-0 Be7 7. Re1 d5 8. cxd5 exd5 9. d4 0-0 10. Bf4 Na6 11. Qc2 Nb4 12. Qb1 Rc8 13. Rd1 c4 14. Ne5 Na6 15. Nb5 Qe8 16. a4 Nh5 17. Nxa7 Ra8 18. Nb5 Nxf4 19. gxf4 Qc8 20. Bf3 Nc7 21. Bg4 Qd8 22. Bf5 g6 23. Bh3 Nxb5 24. axb5 Qd6 25. Qc2 Kg7 26. Bg2 Qb4 27. Nc6 Bxc6 28. bxc6 Qb5 29. Qc3 1/2-1/2

[Event "Donau op 13th"]
[Site "Aschach"]
[Date "2004.12.29"]
[Round "5"]
[White "Froehlich, Peter"]
[Black "Lang, Christian"]
[Result "1-0"]
[WhiteElo "2390"]
[BlackElo "2146"]
[PlyCount "127"]
[EventDate "2004.12.26"]
[EventType "swiss"]
[EventRounds "7"]
[EventCountry "AUT"]
[SourceTitle "CBM 104 Extra"]
[Source "ChessBase"]
[SourceDate "2005.03.01"]
[SourceVersion "1"]
[SourceVersionDate "2005.03.01"]
[SourceQuality "1"]

1. d4 d5 2. c4 e6 3. Nf3 c6 4. Nbd2 Nf6 5. e3 Nbd7 6. Bd3 Bd6 7. e4 dxe4 8. Nxe4 Nxe4 9. Bxe4 f5 10. Bc2 0-0 11. 0-0 e5 12. Ng5 Nf6 13. c5 Bc7 14. dxe5 Bxe5 15. Bb3+ Nd5 16. Re1 Bc7 17. Qh5 h6 18. Nf3 Qf6 19. Bxd5+ cxd5 20. Be3 Be6 21. Bd4 Qf7 22. Qxf7+ Bxf7 23. Re7 Rac8 24. b4 Rfe8 25. Rae1 Rxe7 26. Rxe7 Kf8 27. Re1 a6 28. Be5 Bd8 29. Nd4 g6 30. f4 Be8 31. Kf2 Kf7 32. Bd6 Bf6 33. Ke3 Ba4 34. Be5 Re8 35. Nf3 Bc2 36. Kd4 Be4 37. Bxf6 Kxf6 38. Ne5 g5 39. g3 gxf4 40. gxf4 Rg8 41. c6 bxc6 42. Rc1 Rg2 43. Rxc6+ Ke7 44. Rxa6 Rd2+ 45. Kc3 Rxh2 46. b5 d4+ 47. Kxd4 h5 48. a4 h4 49. Rh6 h3 50. Rh7+ Ke8 51. Nc4 Ra2 52. Nd6+ Kd8 53. Rxh3 Rxa4+ 54. Ke5 Rb4 55. Rh7 Bd3 56. Rb7 Rb1 57. b6 Re1+ 58. Kf6 Rf1 59. Nf7+ Kc8 60. Rc7+ Kb8 61. Nd6 Ba6 62. Rd7 Bc8 63. Rd8 Rc1 64. Rxc8+ 1-0

[Event "Donau op 13th"]
[Site "Aschach"]
[Date "2004.12.28"]
[Round "4"]
[White "Hrzica, Rok"]
[Black "Froehlich, Peter"]
[Result "1-0"]
[WhiteElo "2191"]
[BlackElo "2390"]
[PlyCount "165"]
[EventDate "2004.12.26"]
[EventType "swiss"]
[EventRounds "7"]
[EventCountry "AUT"]
[SourceTitle "CBM 104 Extra"]
[Source "ChessBase"]
[SourceDate "2005.03.01"]
[SourceVersion "1"]
[SourceVersionDate "2005.03.01"]
[SourceQuality "1"]

1. e4 c5 2. f4 Nc6 3. Nf3 g6 4. c3 d5 5. d3 Bg7 6. Qb3 e6 7. e5 Nge7 8. d4 cxd4 9. cxd4 Nf5 10. Bb5 0-0 11. Bxc6 bxc6 12. 0-0 Qb6 13. Qc3 a5 14. b3 Ba6 15. Rf2 h5 16. Ba3 Rfc8 17. Bc5 Qd8 18. Nbd2 a4 19. bxa4 Bc4 20. Nxc4 dxc4 21. Qxc4 Qa5 22. Rb1 Bh6 23. g3 h4 24. Nxh4 Nxh4 25. gxh4 Rcb8 26. Rb3 Qe1+ 27. Kg2 Qe4+ 28. Kg3 Kg7 29. Qd3 Rxb3 30. Qxb3 Qe1 31. Kg2 Qe4+ 32. Qf3 Qe1 33. Qxc6 Rb8 34. Be7 Rb1 35. Qf3 Rc1 36. Rf1 Rc2+ 37. Rf2 Rc1 38. Bf6+ Kh7 39. h5 Rc3 40. Qa8 Bf8 41. hxg6+ fxg6 42. Qb7+ Kg8 43. Bh4 Rc1 44. Qf3 Rc3 45. Qe2 Qb1 46. Bg3 Qb7+ 47. Kg1 Qc6 48. a5 Bb4 49. a6 Ba5 50. Rf1 Bb6 51. Bf2 Rc2 52. Qg4 Kg7 53. Qg2 Qxg2+ 54. Kxg2 Bxd4 55. Kf3 Rc3+ 56. Ke4 Bxf2 57. Rxf2 Ra3 58. Kd4 Rxa6 59. Kc5 Kf7 60. Kb5 Ra3 61. Kb4 Ra8 62. a4 Ke7 63. a5 Kd7 64. Rc2 Rb8+ 65. Ka4 Ra8 66. Rd2+ Kc7 67. Rd6 Rf8 68. Rxe6 Rxf4+ 69. Kb5 Re4 70. a6 Kd7 71. Rd6+ Kc7 72. Rd5 Re2 73. a7 Kb7 74. Rd7+ Ka8 75. Kb6 Rb2+ 76. Kc6 Rxh2 77. e6 Rc2+ 78. Kd6 Rd2+ 79. Kc7 Re2 80. e7 g5 81. Rd8+ Kxa7 82. e8Q Re7+ 83. Qxe7 1-0

[Event "Donau op 13th"]
[Site "Aschach"]
[Date "2004.12.27"]
[Round "2"]
[White "Steiner, Stefan"]
[Black "Froehlich, Peter"]
[Result "1-0"]
[WhiteElo "2159"]
[BlackElo "2390"]
[PlyCount "79"]
[EventDate "2004.12.26"]
[EventType "swiss"]
[EventRounds "7"]
[EventCountry "AUT"]
[SourceTitle "CBM 104 Extra"]
[Source "ChessBase"]
[SourceDate "2005.03.01"]
[SourceVersion "1"]
[SourceVersionDate "2005.03.01"]
[SourceQuality "1"]

1. Nf3 c5 2. c4 Nf6 3. g3 b6 4. Bg2 Bb7 5. 0-0 g6 6. d4 cxd4 7. Qxd4 Bg7 8. Nc3 0-0 9. Qh4 Qc7 10. Bh6 Bxh6 11. Qxh6 Bxf3 12. Bxf3 Nc6 13. Rfd1 Qe5 14. Rd3 Rac8 15. Rad1 Qc5 16. b3 Ne5 17. Rd4 Qa5 18. Ne4 Nxe4 19. Rxe4 f6 20. Rh4 Rf7 21. Bb7 Rb8 22. Be4 Qxa2 23. Qe3 Qa3 24. f4 Nxc4 25. Qd4 Nd6 26. Bd5 e6 27. Bxe6 dxe6 28. Qxd6 Qxd6 29. Rxd6 Re7 30. g4 Rc8 31. Rh3 Kf8 32. f5 exf5 33. gxf5 Rxe2 34. Kf1 Ra2 35. Rxf6+ Kg7 36. Re6 Ra1+ 37. Re1 Rxe1+ 38. Kxe1 gxf5 39. Rd3 Rc7 40. Rd6 1-0

[Event "Australian Masters"]
[Site "Melbourne"]
[Date "2004.08.11"]
[Round "8"]
[White "Froehlich, Peter"]
[Black "West, Guy"]
[Result "1-0"]
[WhiteElo "2388"]
[BlackElo "2362"]
[PlyCount "165"]
[EventDate "2004.08.03"]
[EventType "tourn"]
[EventRounds "11"]
[EventCountry "AUS"]
[EventCategory "3"]
[SourceTitle "CBM 101 Extra"]
[Source "ChessBase"]
[SourceDate "2004.09.01"]
[SourceVersion "2"]
[SourceVersionDate "2004.09.01"]
[SourceQuality "1"]

1. Nf3 f5 2. d4 Nf6 3. g3 g6 4. Bg2 Bg7 5. 0-0 0-0 6. c4 d6 7. Nc3 Qe8 8. d5 Na6 9. Rb1 c6 10. dxc6 bxc6 11. b4 Bd7 12. Qa4 Nc7 13. Qa5 Ne6 14. Bb2 Qd8 15. Qa4 a6 16. c5 d5 17. Qb3 a5 18. a3 axb4 19. axb4 Rb8 20. Na4 Ne4 21. Bxg7 Nxg7 22. Nb6 Be8 23. e3 g5 24. Qb2 e6 25. Ra1 Rf7 26. Ra2 Rfb7 27. Rfa1 Qc7 28. Ne5 Qe7 29. f3 Nf6 30. Qd4 h5 31. Ra8 Kh7 32. h4 g4 33. Qf4 Qc7 34. Rxb8 Rxb8 35. Nxg4 Qxf4 36. Nxf6+ Kg6 37. gxf4 Kxf6 38. Kf2 e5 39. fxe5+ Kxe5 40. f4+ Kf6 41. Bf3 Ne6 42. Bxh5 d4 43. Be2 dxe3+ 44. Kxe3 Rb7 45. Ra8 Re7 46. Nc8 Rh7 47. Nd6 Bg6 48. Bc4 Rxh4 49. Bxe6 Kxe6 50. Rg8 Rg4 51. Nc4 Rg3+ 52. Kf2 Rg4 53. Kf3 Rg1 54. Kf2 Rg4 55. Ke3 Rg3+ 56. Kd4 Rg4 57. Kc3 Rg3+ 58. Kb2 Rg4 59. Ka3 Bh5 60. Rh8 Rxf4 61. Rh6+ Ke7 62. Ne5 Be8 63. Nxc6+ Bxc6 64. Rxc6 Rf1 65. Rc7+ Ke6 66. Rc8 Ke7 67. Rh8 f4 68. Rh7+ Ke6 69. Ka4 f3 70. Kb5 f2 71. Rh2 Kd7 72. c6+ Kc7 73. Rh7+ Kc8 74. Rf7 Kd8 75. Kb6 Ke8 76. Rf4 Rb1 77. c7 Kd7 78. Rd4+ Ke7 79. c8Q f1Q 80. Qc7+ Ke6 81. Rd6+ Kf5 82. Qf7+ Ke4 83. Qe7+ 1-0

[Event "Australian Masters"]
[Site "Melbourne"]
[Date "2004.08.08"]
[Round "6"]
[White "Lee, Wang Sheng"]
[Black "Froehlich, Peter"]
[Result "1/2-1/2"]
[WhiteElo "2252"]
[BlackElo "2388"]
[PlyCount "49"]
[EventDate "2004.08.03"]
[EventType "tourn"]
[EventRounds "11"]
[EventCountry "AUS"]
[EventCategory "3"]
[SourceTitle "CBM 101 Extra"]
[Source "ChessBase"]
[SourceDate "2004.09.01"]
[SourceVersion "2"]
[SourceVersionDate "2004.09.01"]
[SourceQuality "1"]

1. d4 Nf6 2. c4 e6 3. Nf3 Bb4+ 4. Bd2 Qe7 5. g3 Bxd2+ 6. Qxd2 d6 7. Nc3 0-0 8. Bg2 e5 9. 0-0 Re8 10. dxe5 dxe5 11. Ng5 c6 12. Rad1 Bf5 13. Nge4 Nxe4 14. Bxe4 Be6 15. b3 Na6 16. Qc2 g6 17. Rd2 Red8 18. Rfd1 Kf8 19. Qc1 Ke8 20. Bg2 Rxd2 21. Rxd2 Bf5 22. Na4 f6 23. h4 Rd8 24. Kh2 Kf7 25. Qc3 1/2-1/2

[Event "Australian Masters"]
[Site "Melbourne"]
[Date "2004.08.07"]
[Round "5"]
[White "Froehlich, Peter"]
[Black "Jordan, William J"]
[Result "1/2-1/2"]
[WhiteElo "2388"]
[BlackElo "2333"]
[PlyCount "86"]
[EventDate "2004.08.03"]
[EventType "tourn"]
[EventRounds "11"]
[EventCountry "AUS"]
[EventCategory "3"]
[SourceTitle "CBM 101 Extra"]
[Source "ChessBase"]
[SourceDate "2004.09.01"]
[SourceVersion "2"]
[SourceVersionDate "2004.09.01"]
[SourceQuality "1"]

1. Nf3 d5 2. d4 Nf6 3. c4 c6 4. e3 g6 5. Nc3 Bg7 6. Bd3 0-0 7. 0-0 b6 8. b3 Ba6 9. cxd5 Nxd5 10. Bb2 c5 11. Bxa6 Nxa6 12. Qe2 Nxc3 13. Bxc3 Qc8 14. Rac1 Qb7 15. dxc5 Nxc5 16. Bxg7 Kxg7 17. b4 Ne4 18. Qb2+ Kg8 19. Qe5 Rac8 20. h4 h6 21. b5 Nc5 22. Qf4 Kg7 23. Rfd1 Rfd8 24. Ne5 f6 25. Nc6 Rd7 26. Qg4 Rxd1+ 27. Rxd1 h5 28. Qc4 Qc7 29. Qd5 e6 30. Qd6 a6 31. Nd8 Qxd6 32. Rxd6 axb5 33. Nxe6+ Nxe6 34. Rxe6 Rc1+ 35. Kh2 Rc2 36. Kg3 Rxa2 37. Rxb6 Rb2 38. Rb7+ Kg8 39. e4 Rb4 40. Kf4 Rb2 41. Kg3 Rb4 42. Kf4 Rb2 43. Kg3 Rb4 1/2-1/2

[Event "Victoria-ch op"]
[Site "Box Hill"]
[Date "2004.06.14"]
[Round "7"]
[White "Smerdon, David"]
[Black "Froehlich, Peter"]
[Result "1/2-1/2"]
[WhiteElo "2389"]
[BlackElo "2389"]
[PlyCount "24"]
[EventDate "2004.06.12"]
[EventType "swiss"]
[EventRounds "7"]
[EventCountry "AUS"]
[SourceTitle "EXT 2018"]
[Source "ChessBase"]
[SourceDate "2017.10.13"]
[SourceVersion "1"]
[SourceVersionDate "2017.10.13"]
[SourceQuality "1"]

1. e4 c5 2. b3 Nc6 3. Bb2 e5 4. f4 exf4 5. Nf3 d6 6. Bb5 Nge7 7. Nc3 Ng6 8. d4 a6 9. Bxc6+ bxc6 10. dxc5 Bg4 11. cxd6 Bxd6 12. Qd3 Ne5 1/2-1/2

[Event "Victoria-ch op"]
[Site "Box Hill"]
[Date "2004.06.13"]
[Round "3"]
[White "Wyss, Felix"]
[Black "Froehlich, Peter"]
[Result "0-1"]
[WhiteElo "1823"]
[BlackElo "2389"]
[PlyCount "78"]
[EventDate "2004.06.12"]
[EventType "swiss"]
[EventRounds "7"]
[EventCountry "AUS"]
[SourceTitle "EXT 2018"]
[Source "ChessBase"]
[SourceDate "2017.10.13"]
[SourceVersion "1"]
[SourceVersionDate "2017.10.13"]
[SourceQuality "1"]

1. d4 Nf6 2. c4 e6 3. Nc3 Bb4 4. e3 0-0 5. Nge2 d5 6. a3 Be7 7. Nf4 b6 8. cxd5 exd5 9. b4 Bb7 10. Qb3 Bd6 11. g3 Re8 12. Bd2 c6 13. Be2 Nbd7 14. f3 Qe7 15. Nd3 Nf8 16. Kf2 Ne6 17. Rab1 Rab8 18. Qd1 Rbc8 19. Re1 Ba6 20. Qb3 Bc4 21. Qb2 c5 22. dxc5 bxc5 23. Nxc5 Nxc5 24. Bxc4 dxc4 25. bxc5 Bxc5 26. a4 Rcd8 27. Re2 Rd3 28. Rbe1 Red8 29. Nb1 Qd7 30. Kg2 Qxa4 31. e4 Bd4 32. Bc3 Bxc3 33. Nxc3 Qa5 34. Nd5 Nxd5 35. exd5 h5 36. Re8+ Rxe8 37. Rxe8+ Kh7 38. Qc2 Qxd5 39. Re4 Rd2+ 0-1

[Event "Victoria Masters"]
[Site "Victoria"]
[Date "2004.04.28"]
[Round "6"]
[White "Solomon, Stephen J"]
[Black "Froehlich, Peter"]
[Result "1-0"]
[WhiteElo "2404"]
[BlackElo "2397"]
[PlyCount "65"]
[EventDate "2004.04.23"]
[EventType "tourn"]
[EventRounds "9"]
[EventCountry "AUS"]
[EventCategory "3"]
[SourceTitle "CBM 100 Extra"]
[Source "ChessBase"]
[SourceDate "2004.07.06"]
[SourceVersion "2"]
[SourceVersionDate "2004.07.06"]
[SourceQuality "1"]

1. e4 d6 2. d4 Nf6 3. Nc3 g6 4. Nf3 Bg7 5. Be2 0-0 6. 0-0 c6 7. h3 Nbd7 8. Be3 b5 9. a3 Bb7 10. e5 Ne8 11. e6 fxe6 12. Ng5 Nc7 13. Bg4 e5 14. Be6+ Kh8 15. f4 exd4 16. Bxd4 c5 17. Bxg7+ Kxg7 18. Bd5 Bxd5 19. Nxd5 Rf6 20. Nxf6 Nxf6 21. Qf3 h6 22. Rae1 Rb8 23. Ne6+ Nxe6 24. Rxe6 Qd7 25. Rfe1 Re8 26. f5 g5 27. h4 g4 28. Qe3 Ng8 29. f6+ Nxf6 30. Rxf6 Kxf6 31. Qxh6+ Kf7 32. Rf1+ Kg8 33. Qg6+ 1-0